[Event "Cacoal op"]
[Site "Cacoal"]
[Date "2025.03.02"]
[Round "4"]
[White "Lemos, Paulo Henrique Corr"]
[Black "Silva, Joao Vitor Maximian"]
[Result "0-1"]
[WhiteElo "1800"]
[BlackElo "1788"]
[PlyCount "68"]
[EventDate "2025.02.28"]
[EventType "swiss"]
[EventRounds "6"]
[EventCountry "BRA"]
[SourceTitle "CB12_2025"]
[SourceDate "2025.03.19"]
[SourceVersion "1"]
[SourceVersionDate "2025.03.19"]
[SourceQuality "1"]

1. e4 e6 2. d4 d5 3. Nc3 Nf6 4. e5 Nfd7 5. Nf3 c5 6. Be3 Qb6 7. b3 Nc6 8. Na4 Qc7 9. c3 cxd4 10. cxd4 Qa5+ 11. Bd2 Bb4 12. Bb5 Qxb5 13. Nc3 Qa5 14. Rc1 Bxc3 15. Bxc3 Qd8 16. 0-0 0-0 17. Re1 f6 18. b4 fxe5 19. dxe5 b5 20. a4 a6 21. a5 Bb7 22. Qd2 Rf5 23. Bb2 Ne7 24. g4 Rxf3 25. Bd4 Ng6 26. Rc3 Nh4 27. Ree3 Qg5 28. Qe1 Raf8 29. Rc2 Qxg4+ 30. Kf1 Qxd4 31. Rxf3 Nxf3 32. Qc1 Nxh2+ 33. Kg2 Qh4 34. Qe3 d4+ 0-1